| 000 | 01464cam a22003737a 4500 | ||
|---|---|---|---|
| 003 | CHAP | ||
| 005 | 20220329143019.0 | ||
| 008 | 050812d1987 mx r 00110 spa d | ||
| 010 | _a90668 | ||
| 011 | _a91640 | ||
| 020 | _a9702402034 | ||
| 035 | _a102201 | ||
| 040 | _cCHAP | ||
| 082 | 0 | 4 |
_a338.0185 _bP6 |
| 100 | 0 | 0 |
_aPorter, Michael E. _990991 |
| 245 | 1 | 0 |
_aVentaja competitiva : _bcreación y sostenimiento de un desempeño superior _c/por Michael E. Porter |
| 250 | _aed. rev. | ||
| 260 |
_aMéxico, D.F. : _bCompañía Editorial Continental, _c1987 |
||
| 300 |
_a556 p. : _bgráfs.; cuadros |
||
| 500 | _aTrad. de : Competitive advantaje : creating and sustaining superior performance | ||
| 590 |
_aBATCH-UPD _b10 _c20130110 _lUCH01 _h2023 |
||
| 590 |
_aBATCH-UPD _b10 _c20130410 _lUCH01 _h0024 |
||
| 590 |
_aBATCH-UPD _b10 _c20130914 _lUCH01 _h0302 |
||
| 590 |
_aCONVERSION _b10 _c20130109 _lUCH01 _h1350 |
||
| 650 | 1 | 4 |
_aAdministración industrial. _9931 |
| 650 | 1 | 4 |
_aCompetencia. _926091 |
| 901 | _aBK | ||
| 905 | _aElisama A. H. | ||
| 942 | _cLIBRO | ||
| 949 |
_a338.0185 P6 _bBC _cLIBRO _d33724000974440 _eLIBRO _fc.2 _gI.c/e _h106363 _i102201 _sb _t$279.00 |
||
| 949 |
_a338.0185 P6 _bBC _cLIBRO _d33724000974507 _eLIBRO _gI.c/e _h106362 _i102201 _si _t$279.00 |
||
| 949 |
_a338.0185 P6 _bBC _cLIBRO _d33724000974564 _eLIBRO _fc.3 _gI.c/e _h106364 _i102201 _si _t$279.00 |
||
| 949 |
_a338.0185 P6 _bBC _cLIBRO _d33724000974622 _eLIBRO _fc.4 _gI.c/e _h106365 _i102201 _si _t$279.00 |
||
| 999 |
_c90668 _d90668 |
||